EFFECTS OF SAND DREDGING ON THE MORPHOLOGY OF THE RAMUNIA SHOALS, OFF THE EAST COAST OF JOHORE / (Record no. 27171)

000 -LEADER
fixed length control field 00891nam a22002537a 4500
003 - CONTROL NUMBER IDENTIFIER
control field OSt
005 - DATE AND TIME OF LATEST TRANSACTION
control field 20260313172429.0
008 - FIXED-LENGTH DATA ELEMENTS--GENERAL INFORMATION
fixed length control field 260313b ||||| |||| 00| 0 eng d
040 ## - CATALOGING SOURCE
Original cataloging agency JMG
Language of cataloging eng
Transcribing agency JMG
Description conventions rda
082 04 - DEWEY DECIMAL CLASSIFICATION NUMBER
Classification number 551.45709595
100 00 - MAIN ENTRY--PERSONAL NAME
Personal name Umi Daeimah Hussin
245 10 - TITLE STATEMENT
Title EFFECTS OF SAND DREDGING ON THE MORPHOLOGY OF THE RAMUNIA SHOALS, OFF THE EAST COAST OF JOHORE /
Statement of responsibility, etc. UMMI DAEIMAH BINTI HUSSIN
264 ## - PRODUCTION, PUBLICATION, DISTRIBUTION, MANUFACTURE, AND COPYRIGHT NOTICE
Date of production, publication, distribution, manufacture, or copyright notice 2010
300 ## - PHYSICAL DESCRIPTION
Extent 77 pages :
Other physical details colour maps ;
Dimensions 30 cm
336 ## - CONTENT TYPE
Content type term text
Source rdacontent
337 ## - MEDIA TYPE
Media type term unmediated
Source rda media
338 ## - CARRIER TYPE
Source volume
Carrier type term rdacarrier
650 10 - SUBJECT ADDED ENTRY--TOPICAL TERM
Topical term or geographic name entry element Coastal geomorphology
Geographic subdivision Malaysia
-- Johor
650 20 - SUBJECT ADDED ENTRY--TOPICAL TERM
Topical term or geographic name entry element Dredging
General subdivision Environmental aspects
Geographic subdivision Malaysia
-- Johore
650 20 - SUBJECT ADDED ENTRY--TOPICAL TERM
Topical term or geographic name entry element Shoals
Geographic subdivision Malaysia
-- Johor
650 20 - SUBJECT ADDED ENTRY--TOPICAL TERM
Topical term or geographic name entry element Seabed morphology
Geographic subdivision Malaysia
-- Johor
650 20 - SUBJECT ADDED ENTRY--TOPICAL TERM
Topical term or geographic name entry element Ramona Shoals
Geographic subdivision Johor
-- Malaysia
942 ## - ADDED ENTRY ELEMENTS (KOHA)
Source of classification or shelving scheme
Koha item type Reference
Edition 23
Classification part 551.40709595

No items available.